000 00969nam a2200289 i 4500
001 C2-0343012
003 PPAK
005 20180728144254.0
008 170821s2012 caua|||| ||||| | eng d
020 _a9781433336126
040 _aPPAK
_beng
_cPPAK
_erda
082 0 4 _a428.6
_223
090 0 0 _a428.6
_bMCD
_dK
100 1 _aMcDonnell, Ginger,
_eauthor
245 1 0 _aNext stop:
_bthe Caribbean
264 1 _aHuntington Beach, California :
_bTeacher Created Materials ,
_c2012
300 _a24 pages :
_bcolour photographs ;
_c20 cm
336 _2rdacontent
_atext
337 _2rdamedia
_aunmediated
338 _2rdacarrier
_avolume
490 1 _aTime for kids nonfiction readers
500 _aLevel : 2.1 (Word Count : 333) ; Reading Level Correlations : Early Intervention Level 18, Guided Reading Level J
650 1 0 _aReaders. ; Caribbean Area.
700 1 _aAcosta, Jamey,
_eeditor
830 0 _aTime for kids nonfiction readers
942 _ddc
_cB
999 _c139899
_d139899